00997nam a2200241Ia 4500001000600000003000900006008004100015040001300056040001300069041001300082100001800095100002900113245009400142245007600236250001100312260000900323260001200332260004900344300005700393500025000450650002400700650003100724H9005IT-RoPAU130308s9999 xx 000 0 und d aIT-RoPAU cIT-RoPAU aITALIANO aFerraro Guido gCodice Aut. SPICS: 6708 aNuovi modelli. proposte per una teoria attanziale ripensata in prospettiva sociosemiotica bNarrazione ed Esperienza. intorno a una Semiotica della Vita Quotidiana a1a ed. aROMA bMeltemi c2007 [1° Ed.:2007 - Ed.Ling.Originale:2007] a"14 p. (prefazione: no ; testo: 14 [pagine: 45-58])" aPassato Tempo delle Fiabe. Duplicità dell'Oggetto di Valore. Come Definire Oggetto di Valore. Un Destinante Non Piu' Monolitico. guardando Oltre I Limiti del Mondo. Conclusioni: Verso Un'Identificazione delle forme del Contenuto. Bibliografia. aSAGGI DI SEMIOLOGIA eCodice materia Spics: 3257